000 00967nam a22002537a 4500
999 _c64162
_d64162
005 20240530110717.0
008 180311s2016 ua g 000 f ara d
017 _a2016/9654
_bمصر. دار الكتب
020 _a9789773192785
040 _aEG-CaGPL
_cEG-CaGPL
082 0 4 _221
_a869.3 /
_bب م
100 1 _aبايشوتو، جوزية لويس
245 1 0 _aمقبرة البيانو :
_bرواية من البرتغال /
_cجوزية لويس بايشوتو ؛ ترجمة جمال خليفة
250 _aط. 1
260 _aالقاهرة :
_bالعربى للنشر و التوزيع ،
_c2016.
300 _a264 ص. ؛
_c19 سم.
650 0 7 _2qrmak
_aالادب البرتغالى
650 0 7 _2qrmak
_aاللغة البرتغالية
650 0 7 _2qrmak
_aالقصص البرتغالية المترجمة
651 _2qrmak
700 0 _aجمال خليفة
_eمترجم
942 _2ddc
_cBK